<?xml version="1.0" encoding="UTF-8"?>
<collection xmlns="http://www.loc.gov/MARC21/slim">
 <record>
  <leader>00329pamaa2200121   4500</leader>
  <controlfield tag="001">0000016348</controlfield>
  <controlfield tag="005">19981221090000.0</controlfield>
  <datafield tag="020" ind1="0" ind2="0">
   <subfield code="a">0003709469 </subfield>
  </datafield>
  <datafield tag="090" ind1="0" ind2="0">
   <subfield code="a">428  </subfield>
   <subfield code="b">COL</subfield>
  </datafield>
  <datafield tag="245" ind1="0" ind2="0">
   <subfield code="a">COLLINS cobuild dictionary of idioms.</subfield>
  </datafield>
  <datafield tag="260" ind1="0" ind2="0">
   <subfield code="a">London: </subfield>
   <subfield code="b">HarperCollins Publisher, </subfield>
   <subfield code="c">1995.</subfield>
  </datafield>
  <datafield tag="300" ind1=" " ind2=" ">
   <subfield code="a">xvii, 493p.; </subfield>
   <subfield code="c">22cm.</subfield>
  </datafield>
  <datafield tag="650" ind1="0" ind2="0">
   <subfield code="a">English language -- </subfield>
   <subfield code="x">Idioms </subfield>
  </datafield>
 </record>
</collection>
